A computational approach to the study of the dynamics and evolution of prosocial behavior within and between groups / (رقم التسجيلة. 179397)
[ عرض عادي ]
| 000 -LEADER | |
|---|---|
| fixed length control field | 05356namaa22004211i 4500 |
| 003 - CONTROL NUMBER IDENTIFIER | |
| control field | EG-GICUC |
| 005 - أخر تعامل مع التسجيلة | |
| control field | 20260423132228.0 |
| 008 - FIXED-LENGTH DATA ELEMENTS--GENERAL INFORMATION | |
| fixed length control field | 260411s2025 ua a|||frm||| 000 0 eng d |
| 040 ## - CATALOGING SOURCE | |
| Original cataloguing agency | EG-GICUC |
| Transcribing agency | EG-GICUC |
| Modifying agency | EG-GICUC |
| Description conventions | rda |
| Language of cataloging | eng |
| 041 0# - LANGUAGE CODE | |
| Language code of text/sound track or separate title | eng |
| Language code of summary or abstract | eng |
| -- | ara |
| 049 ## - Acquisition Source | |
| Acquisition Source | Deposit |
| 082 04 - DEWEY DECIMAL CLASSIFICATION NUMBER | |
| Classification number | 300 |
| 092 ## - LOCALLY ASSIGNED DEWEY CALL NUMBER (OCLC) | |
| Classification number | 300 |
| Edition number | 21 |
| 097 ## - Degree | |
| Degree | Ph.D |
| 099 ## - LOCAL FREE-TEXT CALL NUMBER (OCLC) | |
| Local Call Number | Cai01.03.05.Ph.D.2025.En.C |
| 100 0# - MAIN ENTRY--PERSONAL NAME | |
| Authority record control number or standard number | Engi Mohamed Eid Amin Ibrahim, |
| Preparation | preparation. |
| 245 12 - TITLE STATEMENT | |
| Title | A computational approach to the study of the dynamics and evolution of prosocial behavior within and between groups / |
| Statement of responsibility, etc. | by Engi Mohamed Eid Amin Ibrahim ; Supervisor Prof. Dr. Amal Sanaa Soliman. |
| 246 15 - VARYING FORM OF TITLE | |
| Title proper/short title | مقاربة حوسبية لدراسة ديناميات وتطور السلوك الاجتماعي الإيجابي داخل وبين المجموعات |
| 264 #0 - PRODUCTION, PUBLICATION, DISTRIBUTION, MANUFACTURE, AND COPYRIGHT NOTICE | |
| Date of production, publication, distribution, manufacture, or copyright notice | 2025. |
| 300 ## - PHYSICAL DESCRIPTION | |
| Extent | 212 pages : |
| Other physical details | illustrations ; |
| Dimensions | 25 cm. + |
| Accompanying material | CD. |
| 336 ## - CONTENT TYPE | |
| Content type term | text |
| Source | rda content |
| 337 ## - MEDIA TYPE | |
| Media type term | Unmediated |
| Source | rdamedia |
| 338 ## - CARRIER TYPE | |
| Carrier type term | volume |
| Source | rdacarrier |
| 502 ## - DISSERTATION NOTE | |
| Dissertation note | Thesis (Ph.D)-Cairo University, 2025. |
| 504 ## - BIBLIOGRAPHY, ETC. NOTE | |
| Bibliography, etc. note | Bibliography: pages 183-193. |
| 520 #3 - SUMMARY, ETC. | |
| Summary, etc. | A general evolutionary framework based on replicator dynamics is developed to describe the evolution of prosocial behavior and cooperation within and between two distinct groups. The framework is applied to three strategic games—the standard prisoner’s dilemma, the prisoner’s dilemma with synergistic effects, and the stag hunt—adapted for two-group interactions to explicitly analyze bonding (within-group) and bridging (between-group) social ties. Unlike previous approaches, the model is rooted in social theory rather than between-group competition. Simulation results show that the interaction between bonding and bridging ties, together with intergroup contact, critically shapes whether cooperation persists or collapses. Structural enhancements, such as synergistic effects for mutual cooperation, expanding the cooperative basin, producing coexisting equilibria, and generating hysteresis. Parameter-space basins further reveal global patterns and the robustness of cooperation under varying conditions. A case study using empirical data from Syrian refugees in three host communities demonstrates the practical relevance of the model. Calibrated simulations illustrate how social ties and contact influence the emergence and sustainability of cooperation across group boundaries in heterogeneous societies. |
| 520 #3 - SUMMARY, ETC. | |
| Summary, etc. | تم تطوير إطار تطوري عام يعتمد على ديناميكيات المكرّر لتحليل تطور السلوك الإيجابي والتعاون داخل مجموعتين وبينهـما. يُطبَّق هذا الإطار على ثلاث ألعاب استراتيجية هي معضلة السجين، ومعضلة السجين مع الآثار التآزرية، ولعبة صيد الأيل، بعد تكييفها لتناسب التفاعلات بين مجموعتين وتحليل الروابط الداخلية والجسرية بشكل صريح. وعلى خلاف النماذج التقليدية، لا يقوم الإطار على المنافسة بين المجموعات بل يستند إلى مبادئ النظرية الاجتماعية. تكشف المحاكاة أن التفاعل بين الروابط الداخلية والجسرية ودرجة الاتصال بين المجموعات يحسم استمرار التعاون أو انهياره. كما تُظهر النتائج أن الآثار التآزرية للتعاون توسّع نطاق التعاون وتدفع نحو استقرار تعاوني طويل الأمد. وفي بعض الحالات، ينتج عن هذا التفاعل توازنات متعايشة أو حالات من الهيسترة. وتُستخدم مساحات المعلمات لاستكشاف السلوك طويل الأمد تحت مجموعة واسعة من الشروط، مما يعمّق فهم ديناميكيات التعاون العامة. يتيح هذا النهج أيضًا قياس صلابة التعاون وتقييم أثر المحاباة داخل المجموعة على استمراريته. وتبرهن دراسة حالة باستخدام بيانات معايَرة من تجارب ميدانية-معملية على اللاجئين السوريين واقعية الإطار المقترح. وتشير النتائج إلى أن الروابط الاجتماعية الإيجابية وخصائص اتخاذ القرار والاتصال بين المجموعات تؤثر بقوة في نشأة التعاون واستدامته في المجتمعات المتنوعة. |
| 530 ## - ADDITIONAL PHYSICAL FORM AVAILABLE NOTE | |
| Issues CD | Issues also as CD. |
| 546 ## - LANGUAGE NOTE | |
| Text Language | Text in English and abstract in Arabic & English. |
| 650 #0 - SUBJECT ADDED ENTRY--TOPICAL TERM | |
| Topical term or geographic name entry element | Social Science |
| 650 #0 - SUBJECT ADDED ENTRY--TOPICAL TERM | |
| Topical term or geographic name entry element | العلوم الاجتماعية |
| 653 #1 - INDEX TERM--UNCONTROLLED | |
| Uncontrolled term | Cooperation |
| -- | Social Dilemmas |
| -- | Replicator Dynamics |
| -- | Evolutionary Game Theory |
| -- | Social Integration |
| -- | Assortative Interactions |
| -- | التعاون |
| -- | المعضلات الاجتماعية |
| 700 0# - ADDED ENTRY--PERSONAL NAME | |
| Personal name | Amal Sanaa Soliman |
| Relator term | thesis advisor. |
| 900 ## - Thesis Information | |
| Grant date | 01-01-2025 |
| Supervisory body | Amal Sanaa Soliman |
| Universities | Cairo University |
| Faculties | Faculty of Economics and Political Science |
| Department | Department of Social Science Computing |
| 905 ## - Cataloger and Reviser Names | |
| Cataloger Name | Shimaa |
| Reviser Names | Eman Ghareb |
| 942 ## - ADDED ENTRY ELEMENTS (KOHA) | |
| Source of classification or shelving scheme | Dewey Decimal Classification |
| Koha item type | Thesis |
| Edition | 21 |
| Suppress in OPAC | No |
| Source of classification or shelving scheme | Home library | Current library | Date acquired | Inventory number | Full call number | Barcode | Date last seen | Effective from | Koha item type |
|---|---|---|---|---|---|---|---|---|---|
| Dewey Decimal Classification | المكتبة المركزبة الجديدة - جامعة القاهرة | قاعة الرسائل الجامعية - الدور الاول | 11.04.2026 | 93744 | Cai01.03.05.Ph.D.2025.En.C | 01010110093744000 | 11.04.2026 | 11.04.2026 | Thesis |